[Event "Warsaw YMCA Winter-B 117th"]
[Site "Warsaw"]
[Date "2013.02.13"]
[Round "6"]
[White "Mokrzanowski, Andrzej"]
[Black "Rozowski, Marcin"]
[Result "1/2-1/2"]
[WhiteElo "1957"]
[BlackElo "1905"]
[PlyCount "68"]
[EventDate "2013.01.09"]
[EventType "tourn"]
[EventRounds "11"]
[EventCountry "POL"]
[SourceTitle "EXT 2014"]
[Source "ChessBase"]
[SourceDate "2013.11.20"]
[SourceVersion "1"]
[SourceVersionDate "2013.11.20"]
[SourceQuality "1"]

1. d4 d5 2. c4 c6 3. Nc3 e6 4. Nf3 dxc4 5. a4 Bb4 6. g3 Nf6 7. Bg2 0-0 8. 0-0 Nbd7 9. Qc2 Qe7 10. Na2 Bd6 11. Qxc4 e5 12. Qc2 Re8 13. Nc3 exd4 14. Nxd4 Be5 15. Nf5 Qb4 16. Bd2 Qg4 17. Bf3 Qg6 18. Ne3 Nb6 19. Qxg6 hxg6 20. a5 Bxc3 21. Bxc3 Nbd5 22. Nxd5 Nxd5 23. Bd2 a6 24. Rfd1 Be6 25. Kg2 Nf6 26. Bg5 Kf8 27. Rd4 Red8 28. Rad1 Ke8 29. R1d2 Rxd4 30. Rxd4 Rd8 31. Rf4 Nd5 32. Rh4 Nf6 33. Rf4 Nd5 34. Rh4 Nf6 1/2-1/2

[Event "Warsaw YMCA Winter-B 117th"]
[Site "Warsaw"]
[Date "2013.01.14"]
[Round "2"]
[White "Mokrzanowski, Andrzej"]
[Black "Rozycki, Bartlomiej"]
[Result "0-1"]
[WhiteElo "1957"]
[BlackElo "2011"]
[PlyCount "60"]
[EventDate "2013.01.09"]
[EventType "tourn"]
[EventRounds "11"]
[EventCountry "POL"]
[SourceTitle "EXT 2014"]
[Source "ChessBase"]
[SourceDate "2013.11.20"]
[SourceVersion "1"]
[SourceVersionDate "2013.11.20"]
[SourceQuality "1"]

1. Nf3 e6 2. b3 d5 3. Bb2 c5 4. e3 Nf6 5. Ne5 Bd6 6. Bb5+ Nbd7 7. f4 0-0 8. 0-0 Qc7 9. Nxd7 Nxd7 10. Bxd7 Bxd7 11. Qf3 Rae8 12. d3 e5 13. Nd2 Bc6 14. f5 e4 15. Qg4 f6 16. dxe4 Bxh2+ 17. Kf2 Be5 18. Bxe5 Qxe5 19. c4 Qb2 20. Qe2 dxc4 21. Qxc4+ Kh8 22. Qc1 Qe5 23. Qc2 Bxe4 24. Qxe4 Qc3 25. Qf4 Qxd2+ 26. Kf3 Re5 27. Rfd1 Qc2 28. g4 Rfe8 29. Rdc1 Qd3 30. Re1 Re4 0-1

[Event "Warsaw YMCA Winter-B 117th"]
[Site "Warsaw"]
[Date "2013.01.09"]
[Round "1"]
[White "Bernacki, Gabriel"]
[Black "Mokrzanowski, Andrzej"]
[Result "1-0"]
[WhiteElo "1896"]
[BlackElo "1957"]
[PlyCount "73"]
[EventDate "2013.01.09"]
[EventType "tourn"]
[EventRounds "11"]
[EventCountry "POL"]
[SourceTitle "EXT 2014"]
[Source "ChessBase"]
[SourceDate "2013.11.20"]
[SourceVersion "1"]
[SourceVersionDate "2013.11.20"]
[SourceQuality "1"]

1. d4 Nf6 2. c4 e6 3. Nc3 Bb4 4. e3 c5 5. Nf3 0-0 6. Bd3 d6 7. 0-0 Bxc3 8. bxc3 b6 9. d5 b5 10. cxb5 exd5 11. Nd2 Re8 12. c4 Bb7 13. Bb2 Nbd7 14. Be2 Qe7 15. cxd5 Bxd5 16. Bf3 Qe6 17. Re1 Rad8 18. Qc2 Bxf3 19. Nxf3 Ne4 20. Nd2 Ndf6 21. Nxe4 Nxe4 22. f3 Nf6 23. Qc3 Re7 24. a4 Rb7 25. e4 Ne8 26. Rad1 f6 27. f4 Qg4 28. g3 Rdb8 29. Ba3 a6 30. bxa6 Rb3 31. Qc4+ Kh8 32. Rd3 Rb1 33. Bc1 R8b4 34. Qf7 h5 35. Qxe8+ Kh7 36. a7 R4b2 37. a8Q 1-0

[Event "Warsaw YMCA Autumn 53rd"]
[Site "Warsaw"]
[Date "2008.11.06"]
[Round "5"]
[White "Mokrzanowski, Andrzej"]
[Black "Jozwik, Jacek"]
[Result "0-1"]
[WhiteElo "1948"]
[BlackElo "2022"]
[PlyCount "50"]
[EventDate "2008.10.09"]
[EventType "tourn"]
[EventRounds "13"]
[EventCountry "POL"]
[SourceTitle "EXT 2019"]
[Source "ChessBase"]
[SourceDate "2018.10.10"]
[SourceVersion "1"]
[SourceVersionDate "2018.10.10"]
[SourceQuality "1"]

1. d4 Nf6 2. Nf3 e6 3. Bg5 Be7 4. e3 b6 5. Bd3 Bb7 6. Nbd2 d6 7. 0-0 Nbd7 8. c3 c5 9. Qa4 0-0 10. e4 h6 11. Bf4 a6 12. Bb1 b5 13. Qc2 cxd4 14. cxd4 Rc8 15. Qd3 Re8 16. a4 Qb6 17. axb5 axb5 18. Re1 Bf8 19. Be3 d5 20. Ne5 Qc7 21. Nxd7 Nxd7 22. exd5 Nf6 23. dxe6 Rxe6 24. Qf5 Bb4 25. Rd1 Rxe3 0-1

[Event "Warsaw Elo-A"]
[Site "Warsaw"]
[Date "2008.03.27"]
[Round "13"]
[White "Mokrzanowski, Andrzej"]
[Black "Przybyla, Kamil"]
[Result "0-1"]
[WhiteElo "2094"]
[BlackElo "2145"]
[PlyCount "56"]
[EventDate "2008.01.04"]
[EventType "tourn"]
[EventRounds "13"]
[EventCountry "POL"]
[SourceTitle "EXT 2010"]
[Source "ChessBase"]
[SourceDate "2010.11.25"]
[SourceVersion "1"]
[SourceVersionDate "2010.11.25"]
[SourceQuality "1"]

1. c4 Nf6 2. Nc3 e6 3. Nf3 b6 4. e4 d6 5. d4 Be7 6. Bd3 Nbd7 7. e5 dxe5 8. dxe5 Nc5 9. Bc2 Qxd1+ 10. Nxd1 Nfd7 11. Bf4 a5 12. Nc3 Bb7 13. Nd2 0-0-0 14. 0-0 Nxe5 15. Bxe5 Rxd2 16. Rac1 Bd6 17. Rfe1 Bxe5 18. Rxe5 Nd3 19. Bxd3 Rxd3 20. c5 Kb8 21. a3 Rhd8 22. h3 Rd2 23. b4 axb4 24. axb4 Rb2 25. b5 bxc5 26. Rxc5 Rdd2 27. Nd1 Rb4 28. Rxc7 Rxd1+ 0-1

[Event "Warsaw Elo-A"]
[Site "Warsaw"]
[Date "2008.02.01"]
[Round "5"]
[White "Janczarski, Michal"]
[Black "Mokrzanowski, Andrzej"]
[Result "1-0"]
[WhiteElo "2163"]
[BlackElo "2094"]
[PlyCount "39"]
[EventDate "2008.01.04"]
[EventType "tourn"]
[EventRounds "13"]
[EventCountry "POL"]
[SourceTitle "EXT 2010"]
[Source "ChessBase"]
[SourceDate "2010.11.25"]
[SourceVersion "1"]
[SourceVersionDate "2010.11.25"]
[SourceQuality "1"]

1. c4 e6 2. g3 f5 3. Bg2 Nf6 4. Nc3 d5 5. cxd5 exd5 6. Nf3 Be7 7. d3 0-0 8. 0-0 c6 9. e4 Qb6 10. exd5 cxd5 11. Ng5 Rd8 12. Qe2 Bb4 13. Nxd5 Qa5 14. Nxf6+ gxf6 15. Nxh7 Kxh7 16. Qh5+ Kg7 17. Bh6+ Kh7 18. a3 f4 19. Bg5+ Kg7 20. Qh6+ 1-0

[Event "Warsaw Elo-A"]
[Site "Warsaw"]
[Date "2008.01.04"]
[Round "1"]
[White "Adamski, Andrzej"]
[Black "Mokrzanowski, Andrzej"]
[Result "1-0"]
[WhiteElo "2253"]
[BlackElo "2094"]
[PlyCount "55"]
[EventDate "2008.01.04"]
[EventType "tourn"]
[EventRounds "13"]
[EventCountry "POL"]
[SourceTitle "EXT 2010"]
[Source "ChessBase"]
[SourceDate "2010.11.25"]
[SourceVersion "1"]
[SourceVersionDate "2010.11.25"]
[SourceQuality "1"]

1. e4 e6 2. d4 d5 3. Nc3 Bb4 4. Nge2 dxe4 5. a3 Be7 6. Nxe4 Nf6 7. N2c3 0-0 8. Be2 b6 9. Nxf6+ Bxf6 10. Bf3 c6 11. Be3 Bb7 12. Qd2 Nd7 13. 0-0-0 Be7 14. h4 Nf6 15. g4 Rc8 16. Bg5 Ne8 17. Rh3 Rc7 18. Be4 f5 19. gxf5 exf5 20. Bh1 Nd6 21. Re1 Bf6 22. Qf4 h6 23. Bxf6 Qxf6 24. Rhe3 Bc8 25. d5 c5 26. Re6 Rd7 27. Rxf6 Rxf6 28. Re6 1-0

[Event "Warsaw AIG Life rapid 7th"]
[Site "Warsaw"]
[Date "2007.12.15"]
[Round "2"]
[White "Jakubiec, Artur"]
[Black "Mokrzanowski, Andrzej"]
[Result "1-0"]
[WhiteElo "2524"]
[BlackElo "2127"]
[PlyCount "41"]
[EventDate "2007.12.15"]
[EventType "swiss (rapid)"]
[EventRounds "13"]
[EventCountry "POL"]
[SourceTitle "CBM 121 Extra"]
[Source "ChessBase"]
[SourceDate "2008.01.10"]
[SourceVersion "1"]
[SourceVersionDate "2008.01.10"]
[SourceQuality "1"]

1. e4 Nc6 2. Nf3 e6 3. d4 d5 4. Nc3 Bb4 5. e5 Qd7 6. Bd3 Nge7 7. 0-0 Bxc3 8. bxc3 b6 9. Ng5 Nf5 10. Qh5 Bb7 11. Bxf5 exf5 12. e6 Qe7 13. exf7+ Kd7 14. Nxh7 Rxh7 15. Qxf5+ Qe6 16. Qxh7 Qxf7 17. Bg5 Ne7 18. Bxe7 Qxe7 19. Qh3+ Kc6 20. Rfe1 Qd7 21. Re6+ 1-0

[Event "Agape"]
[Site "Agape"]
[Date "2007.01.13"]
[Round "8"]
[White "Brudzinski, Maciej"]
[Black "Mokrzanowski, Andrzej"]
[Result "0-1"]
[WhiteElo "2180"]
[BlackElo "2154"]
[PlyCount "60"]
[EventDate "2006.11.11"]
[EventType "tourn"]
[EventRounds "11"]
[EventCountry "POL"]
[SourceTitle "EXT 2011"]
[Source "ChessBase"]
[SourceDate "2010.11.26"]
[SourceVersion "1"]
[SourceVersionDate "2010.11.26"]
[SourceQuality "1"]

1. e4 c5 2. d4 cxd4 3. c3 Nf6 4. e5 Nd5 5. Qf3 e6 6. cxd4 Nc6 7. Be3 Qb6 8. Nd2 Qxb2 9. Rb1 Qc2 10. Qe4 Ncb4 11. Qxc2 Nxc2+ 12. Kd1 Ncxe3+ 13. fxe3 Nc3+ 14. Kc2 Nxb1 15. Kxb1 b5 16. Ne4 Bb7 17. Bd3 Be7 18. Nf3 0-0 19. h4 f5 20. Neg5 a6 21. h5 Rac8 22. Nh3 Rc3 23. Nf4 Rfc8 24. Rd1 Ba3 25. Ne2 Rxd3 26. Rxd3 Be4 27. Ne1 Bb4 28. Nc2 Bxd3 29. Nc1 Bxc2+ 30. Ka1 Bc3# 0-1